000 00861nam a2200217Ii 4500
003 JO-AjNU
008 230605s9999||||xx |||||||||||||| ||und||
017 _a2007/8/2568
020 _a9957-18-189-5
040 _aJO-AjNU
_bara
_erda
_cJO-AjNU
041 _aara
050 1 4 _aBF637.C6.M376.2007
100 3 _aمشاقبة،محمد أحمد خدام,
_eauthor
_928666
245 0 0 _aمبادئ الإرشاد النفسي للمرشدين والأخصائيين النفسيين
264 3 1 _aعمان:دار المناهج للنشر والتوزيع ، 2007
300 _a336ص
_bقائمة المصطلحات من ص323-ص336
336 _atext
_btxt
_2rdacontent
337 _aunmediated
_bn
_2rdamedia
338 _avolume
_bnc
_2rdacarrier
650 4 _aالارشاد النفسي-علم النفس التربوي-التربية-التعليم
_928667
999 _aA11147
_c14715
_d14715